LEADER 01536nam a2200325 u 4500 001 000000079865 003 CaOOAMICUS 005 20070226123602.0 008 040616s2000 it u000 u ita u 035 $a10999667 040 $aPUL$bita 041 1 $aita$agrc 245 00$aTesti patristici sul sangue di Cristo.$nVI, 1-2,$pPadri greci IV secolo /$ca cura di Tullio Veglianti. 246 30$aPadri greci IV secolo 260 $aRoma :$bEdizioni Pia Unione Preziosissimo Sangue,$c2000. 300 $a2 v. ;$c24 cm 490 1 $aCollana patristica ;$v6 500 $aInclude indici. 504 $aBibliografia a pie' pagina. 650 4$aPatristica greca$xTesti.$0(OLS)http://pul/subject/27721 700 1 $aVeglianti, Tullio.$0(OLS)http://pul/name/14159 710 2 $aCentro Studi Sanguis Christi (Roma).$0(OLS)http://pul/name/19468 830 0$aCollana patristica ;$v6.$0(OLS)http://pul/title/22094 850 $aPUL 852 $aPUL$W1$xSL Religione 1$y3$m23 F 6.1-2$j102104$nBK-PRI$b $qStampati$B102104$CPULBib$Z2$F102104 $HPUL90516,90517 $81 852 $aPUL$W1$xSL Religione 1$y3$m23 F 6.1-2$j102104$nBK-PRI$b $qStampati$B102105$CPULBib$Z2$F102105 $HPUL90516,90517 $81 941 1 $a8 996 $6245$aTesti patristici sul sangue di Cristo.$nVI, 1-2,$pPadri greci IV secolo$9(OLS)http://pul/title/104609 996 $6246$aPadri greci IV secolo$9(OLS)http://pul/title/104610 996 $6260$aRoma :$bEdizioni Pia Unione Preziosissimo Sangue$9(OLS)http://pul/publisher/49417 LEADER 01299nam a2200253 a 4500 001 000000139390 003 CaOOAMICUS 005 20140723102140.0 008 140723s1966 it u000 u ita r 040 $aPUL$bita 100 1 $aCesarini, Francesco.$0(OLS)http://pul/name/89891 245 10$aCredito industriale e credito mobiliare negli Stati Uniti /$cFrancesco Cesarini. 260 $aMilano :$bVita e pensiero,$c1966. 300 $aVII, 225 p. ;$c24 cm 490 1 $aPubblicazioni della Università cattolica del Sacro Cuore. Contributi. Serie 3, Scienze economiche, politiche e sociali ;$v05 650 4$aEconomia$zStati Uniti.$0(OLS)http://pul/subject/19412 650 4$aCredito industriale$zStati Uniti.$0(OLS)http://pul/subject/40668 830 0$aPubblicazioni della Università cattolica del Sacro Cuore.$pContributi.$nSerie 3,$pScienze economiche, politiche e sociali ;$v05.$0(OLS)http://pul/title/176463 850 $aPUL 852 $aPUL$W1$xDP2 Diritto Canonico 1$y64$m167 D 20.3.5$j161020$qStampati$B160469$CPULBib$Z2$F160469 $H27095 $82 941 1 $a8 996 $6245$aCredito industriale e credito mobiliare negli Stati Uniti$9(OLS)http://pul/title/176462 996 $6260$aMilano :$bVita e pensiero$9(OLS)http://pul/publisher/48016